• 首页
  • 本馆介绍
  • 公告通知
  • 最新文献
  • 馆藏检索
  • 电子资源
  • 读者导购
  • 参考咨询
  • 我的图书馆
  • 登录
  • 详细信息显示
  • 放入我的书架
  • 预约/预借图书
  • 作者相关作品
  • 分类相关作品
  • 丛书相关作品
  • 出版社相关作品

书目信息

  • 表格格式
  • 工作单格式
  • 卡片格式
题名:
吕氏春秋的教育智慧
    
 
作者: 刘枫 著
分册:  
出版信息: 北京   中国商业出版社  2018
页数: 164页
开本: 24cm
丛书名:
单 册:
中图分类: B229.21 , G40-092.26
科图分类:
主题词:
电子资源:
ISBN: 978-7-5208-0308-3
000 00839nam0 2200253 450
001 012001012060
005 20140103161440.0
010    @a978-7-5208-0308-3@dCNY35.00
100    @a20181129d2018 em y0chiy50 ea
101 0  @achi
102    @aCN@b110000
105    @aa z 000yy
106    @ar
200 1  @a吕氏春秋的教育智慧@9lv shi chun qiu de jiao yu zhi hui@f刘枫著
210    @a北京@c中国商业出版社@d2018
215    @a164页@c图@d24cm
300    @a中国古代教育智慧
330    @a本书分为吕不韦的教育思想、《吕氏春秋》的教育智慧、《吕氏春秋》选编三部分,内容包括:吕不韦简介、吕不韦的教育思想、重农思想、安贫守道重用贤能等。
605    @a《吕氏春秋》@x教育思想@x研究
690    @aB229.21@v5
690    @aG40-092.26@v5
701  0 @a刘枫@9liu feng@4著
801  0 @aCN@b上海新华@c20191020
905    @b1139341-4@dB229.21@e932@f4
    
    吕氏春秋的教育智慧/刘枫著.-北京:中国商业出版社,2018
    164页:图;24cm
    中国古代教育智慧
    
    ISBN 978-7-5208-0308-3:CNY35.00
    本书分为吕不韦的教育思想、《吕氏春秋》的教育智慧、《吕氏春秋》选编三部分,内容包括:吕不韦简介、吕不韦的教育思想、重农思想、安贫守道重用贤能等。
●
相关链接 在E读中查询图书 在五车中查询图书 在当当中查询图书 在豆瓣中查询图书


正题名:吕氏春秋的教育智慧     索取号:B229.21/932         预约/预借

序号 登录号 条形码 馆藏地/架位号 状态 备注
1 1139341   211393419   第一样本阅览室/ [索取号:B229.21/932] 在馆    
2 1139342   211393428   第一借阅区/ [索取号:B229.21/932] 在馆    
3 1139343   211393437   第一借阅区/ [索取号:B229.21/932] 在馆    
4 1139344   211393446   第一借阅区/ [索取号:B229.21/932] 在馆    
唐山师范学院图书馆 欢迎您!
大连网信软件有限公司© 版权所有